Catálogo público

Censo de puntos de acceso al sistema financiero en el Estado de Tlaxcala. (Record no. 217299)

MARC details
000 -CABECERA
campo de control de longitud fija 00796nam a22002057a 4500
005 - FECHA Y HORA DE LA ÚLTIMA TRANSACCIÓN
campo de control 20220628115816.0
007 - CAMPO FIJO DE DESCRIPCIÓN FÍSICA--INFORMACIÓN GENERAL
campo de control de longitud fija ta
008 - DATOS DE LONGITUD FIJA--INFORMACIÓN GENERAL
campo de control de longitud fija 220627b2004 mx a|||f |||| 00| 0 spa d
020 ## - NÚMERO INTERNACIONAL ESTÁNDAR DEL LIBRO
Número Internacional Estándar del Libro 978-607-7673-42-2
040 ## - FUENTE DE LA CATALOGACIÓN
Centro/agencia transcriptor CHAP
082 ## - NÚMERO DE LA CLASIFICACIÓN DECIMAL DEWEY
Número de clasificación 336.0141097247
Número de documento/Ítem C96
100 ## - ENTRADA PRINCIPAL--NOMBRE DE PERSONA
9 (RLIN) 185162
Nombre de persona Cuecuecha Mendoza, Alfredo
245 ## - MENCIÓN DE TÍTULO
Título Censo de puntos de acceso al sistema financiero en el Estado de Tlaxcala.
Mención de responsabilidad, etc. por Alfredo Cuecuecha Mendoza y Ramos Montalvo Vargas
300 ## - DESCRIPCIÓN FÍSICA
Extensión 146 páginas :
Otras características físicas mapas, tablas, gráficas.
650 #0 - PUNTO DE ACCESO ADICIONAL DE MATERIA--TÉRMINO DE MATERIA
9 (RLIN) 185164
Término de materia o nombre geográfico como elemento de entrada Instituciones financieras
Subdivisión geográfica México, Tlaxcala (Edo.)
650 #0 - PUNTO DE ACCESO ADICIONAL DE MATERIA--TÉRMINO DE MATERIA
9 (RLIN) 185165
Término de materia o nombre geográfico como elemento de entrada Finanzas
Subdivisión geográfica México, Tlaxcala (Edo.)
700 ## - PUNTO DE ACCESO ADICIONAL--NOMBRE DE PERSONA
9 (RLIN) 185163
Nombre de persona Montalvo Vargas, Ramos
942 ## - ELEMENTOS DE PUNTO DE ACCESO ADICIONAL (KOHA)
Fuente del sistema de clasificación o colocación Dewey Decimal Classification
Tipo de ítem Koha Libro
260 ## - PUBLICACIÓN, DISTRIBUCIÓN, ETC.
Lugar de publicación, distribución, etc. Tlaxcala, Mèxico :
Nombre del editor, distribuidor, etc. El Colegio de Tlaxcala ,
-- FOMIX ,
-- CONACYT.
Fecha de publicación, distribución, etc. 2014
Holdings
Estado de retiro Estado de pérdida Fuente del sistema de clasificación o colocación Estado dañado Restricciones de uso No para préstamo Código de colección Localización permanente Ubicación/localización actual Ubicación en estantería Fecha de adquisición Total de préstamos Signatura topográfica completa Código de barras Fecha visto por última vez Precio válido a partir de Tipo de ítem Koha
    Dewey Decimal Classification   Préstamo 15 días   General Biblioteca Central Biblioteca Central Planta alta - Colección General 27/06/2022   336.0141097247 C96 33724002563454 27/06/2022 27/06/2022 Libro